ბათუმის შოთა რუსთაველის სახელმწიფო უნივერსიტეტის ბიბლიოთეკა

Field and Laboratory Investigations in Agroecology (ბიბ.ჩანაწერი № 49454)

000 -LEADER
fixed length control field 00578nam a2200229Ia 4500
001 - CONTROL NUMBER
control field 16377
003 - CONTROL NUMBER IDENTIFIER
control field GE_BSU
008 - FIXED-LENGTH DATA ELEMENTS--GENERAL INFORMATION
fixed length control field 181216s||||||||xx |||||||||||||| ||und||
020 ## - INTERNATIONAL STANDARD BOOK NUMBER
International Standard Book Number 978084932866
040 ## - CATALOGING SOURCE
Transcribing agency GE_BSU
100 ## - MAIN ENTRY--PERSONAL NAME
Personal name Gliessman,Stephen R
245 ## - TITLE STATEMENT
Title Field and Laboratory Investigations in Agroecology
250 ## - EDITION STATEMENT
Edition statement 3rd Edition
260 ## - PUBLICATION, DISTRIBUTION, ETC.
Place of publication, distribution, etc. Boca ration
260 ## - PUBLICATION, DISTRIBUTION, ETC.
Name of publisher, distributor, etc. Taylor Francis Grup
260 ## - PUBLICATION, DISTRIBUTION, ETC.
Date of publication, distribution, etc. 2007
300 ## - PHYSICAL DESCRIPTION
Extent 302p;28cm
653 ## - INDEX TERM--UNCONTROLLED
Uncontrolled term Agroecology
653 ## - INDEX TERM--UNCONTROLLED
Uncontrolled term Field and Laboratory Investigations in Agroecology
942 ## - ADDED ENTRY ELEMENTS (KOHA)
Koha item type წიგნი
ეგზემპლარები
Withdrawn status Lost status Damaged status Not for loan Date acquired Barcode Date last seen Price effective from Koha item type
        2018-12-17 40325 2018-12-17 2018-12-17 წიგნი